NFL Franchises with the Most Wins - Statistics

General Stats
  • This quiz has been taken 38 times
  • The average score is 9 of 10
Answer Stats
Number of wins NFL Team % Correct
823 Chicago Bears
100%
751 New York Giants
100%
856 Green Bay Packers
97%
678 Philadelphia Eagles
94%
732 Pittsburgh Steelers
94%
624 Detroit Lions
91%
670 Los Angeles Rams
91%
682 San Francisco 49ers
91%
671 Washington Commanders
91%
614 Dallas Cowboys
88%
No matching quizzes found
Score Distribution
Percent of People with Each Score
Percentile by Number Answered
Your Score History
You have not taken this quiz